• 首页
  • 本馆介绍
  • 公告通知
  • 最新文献
  • 馆藏检索
  • 电子资源
  • 读者导购
  • 参考咨询
  • 我的图书馆
  • 登录
  • 详细信息显示
  • 放入我的书架
  • 预约/预借图书
  • 作者相关作品
  • 分类相关作品
  • 丛书相关作品
  • 出版社相关作品

书目信息

  • 表格格式
  • 工作单格式
  • 卡片格式
题名:
中草药成分分离分析技术与方法
    
 
作者: 陈晓青 , 蒋新宇 , 刘佳佳 主编
分册:  
出版信息: 北京   化学工业出版社  2006
页数: 366页
开本: 26cm
丛书名:
单 册:
中图分类: R284.2
科图分类:
主题词: 中药化学成分--分离 , 中药化学成分--化学分析 , 中药化学成分 , 分离 , 化学分析
电子资源:
ISBN: 7-5025-8262-2
000 01134nam0 2200301 450
001 012007967865
005 20070522171258.62
010    @a7-5025-8262-2@dCNY49.00
100    @a20060618d2006 km y0chiy0120 ea
101 0  @achi
102    @aCN@b110000
105    @ay z 000yy
106    @ar
200 1  @a中草药成分分离分析技术与方法@Azhong cao yao cheng fen fen li fen xi ji shu yu fang fa@f陈晓青,蒋新宇,刘佳佳主编@Fchen xiao qing,jiang xin yu,liu jia jia zhu bian
210    @a北京@c化学工业出版社@d2006
215    @a366页@d26cm
330    @a本书按照中草药化学成分的分类方法分为13章,分别为:生物碱,醌类化合物,黄酮类化合物,香豆素,木脂类,甾体化合物,皂苷类化合物,多糖,强心苷,鞣质,挥发油,萜类化合物,蛋白质、肽及氨基酸。
606 0  @a中药化学成分@x分离
606 0  @a中药化学成分@x化学分析
606 0  @a中药化学成分
606 0  @a分离
606 0  @a化学分析
690    @aR284.2@v4
701  0 @a陈晓青@Achen xiao qing@c(女,@f1965.3~)@4主编
701  0 @a蒋新宇@Ajiang xin yu@f(1965.3~)@4主编
701  0 @a刘佳佳@Aliu jia jia@c(药物化学)@4主编
801  0 @aCN@bRULIN@c20070522
905    @dR284.2@e210@s8
    
    中草药成分分离分析技术与方法/陈晓青,蒋新宇,刘佳佳主编.-北京:化学工业出版社,2006
    366页;26cm
    
    
    ISBN 7-5025-8262-2:CNY49.00
    本书按照中草药化学成分的分类方法分为13章,分别为:生物碱,醌类化合物,黄酮类化合物,香豆素,木脂类,甾体化合物,皂苷类化合物,多糖,强心苷,鞣质,挥发油,萜类化合物,蛋白质、肽及氨基酸。
●
相关链接 在E读中查询图书 在五车中查询图书 在当当中查询图书 在豆瓣中查询图书


正题名:中草药成分分离分析技术与方法     索取号:R284.2/210         预约/预借

序号 登录号 条形码 馆藏地/架位号 状态 备注
1 0573639   205736391   第二样本阅览室/ [索取号:R284.2/210] 在馆    
2 0573640   205736408   教育系资料室/ [索取号:R284.2/210] 在馆    
3 0573641   205736417   第三借阅区/ [索取号:R284.2/210] 在馆    
4 0573642   205736426   第三借阅区/ [索取号:R284.2/210] 在馆    
5 0573643   205736435   教育系资料室/ [索取号:R284.2/210] 在馆    
6 0573644   205736444   第三借阅区/ [索取号:R284.2/210] 在馆    
7 0573645   205736453   第三借阅区/ [索取号:R284.2/210] 在馆    
8 0573646   205736462   教育系资料室/ [索取号:R284.2/210] 在馆    
唐山师范学院图书馆 欢迎您!
大连网信软件有限公司© 版权所有